African Flags (including territories) - Statistics

General Stats
  • This quiz has been taken 11 times
  • The average score is 57 of 59
Answer Stats
Picture Answer % Correct
Algeria
100%
Angola
100%
Benin
100%
Botswana
100%
Burkina Faso
100%
Burundi
100%
Cameroon
100%
Cape Verde
100%
Central African Republic
100%
Chad
100%
Comoros
100%
Cote d'Ivoire
100%
Djibouti
100%
DR Congo
100%
Egypt
100%
Equatorial Guinea
100%
Eritrea
100%
Eswatini
100%
Ethiopia
100%
Gabon
100%
Gambia
100%
Ghana
100%
Guinea
100%
Guinea-Bissau
100%
Kenya
100%
Lesotho
100%
Liberia
100%
Libya
100%
Madagascar
100%
Malawi
100%
Mali
100%
Mauritania
100%
Mauritius
100%
Morocco
100%
Namibia
100%
Niger
100%
Nigeria
100%
Republic of the Congo
100%
Rwanda
100%
Sao Tome and Principe
100%
Senegal
100%
Seychelles
100%
Sierra Leone
100%
Somalia
100%
South Africa
100%
South Sudan
100%
Sudan
100%
Togo
100%
Tunisia
100%
Uganda
100%
Zambia
100%
Zimbabwe
100%
Mayotte
90%
Mozambique
90%
Reunion
90%
Tanzania
90%
Western Sahara
80%
British Indian Ocean Territory
60%
Saint Helena, Ascension and Tristan da Cunha
20%
No matching quizzes found
Score Distribution
Percent of People with Each Score
Percentile by Number Answered
Your Score History
You have not taken this quiz